Lucas Jordán en el Casón del Buen Retiro (Record no. 14520)

MARC details
000 -LEADER
campo de control de longitud fija 00968nam a2200253 4500
001 - NÚMERO DE CONTROL
campo de control 14520
003 - IDENTIFICADOR DE NÚMERO DE CONTROL
campo de control ES-MaACL
005 - FECHA Y HORA DE LA ÚLTIMA TRANSACCIÓN
campo de control 20230906150830.0
007 - CAMPO FIJO DE DESCRIPCIÓN FÍSICA--INFORMACIÓN GENERAL
campo de control de longitud fija t|
008 - DATOS DE LONGITUD FIJA--INFORMACIÓN GENERAL
campo de control de longitud fija 000000s19850000sp a ||||0| spa d
016 7# - NÚMERO DE CONTROL DE UNA AGENCIA BIBLIOGRÁFICA NACIONAL
Número de control cancelado/no válido IBH8505924241
020 ## - NÚMERO INTERNACIONAL ESTÁNDAR DEL LIBRO
Número Internacional Estándar del Libro 84-505-1774-5
040 ## - FUENTE DE CATALOGACIÓN
Centro catalogador/agencia de origen IBH
Lengua de catalogación spa
Centro/agencia transcriptor M-BN-DP
080 ## - NÚMERO DE LA CLASIFICACIÓN DECIMAL UNIVERSAL
Número de la Clasificación Decimal Universal 75 Giordano, Luca. Alegoría del Toisón de oro
080 ## - NÚMERO DE LA CLASIFICACIÓN DECIMAL UNIVERSAL
Número de la Clasificación Decimal Universal 75.052:727.7(464.1M.)Casón del Buen Retiro
100 1# - ENTRADA PRINCIPAL--NOMBRE DE PERSONA
Nombre de persona López Torrijos, Rosa.
9 (RLIN) 74003
245 10 - MENCIÓN DEL TÍTULO
Título Lucas Jordán en el Casón del Buen Retiro
Resto del título : la alegoría del Toisón de Oro /
Mención de responsabilidad, etc. por Rosa López Torrijos.
260 ## - PUBLICACIÓN, DISTRIBUCIÓN, ETC.
Lugar de publicación, distribución, etc. [Madrid] :
Nombre del editor, distribuidor, etc. Ministerio de Cultura, Subdirección General de Museos,
Fecha de publicación, distribución, etc. [1985]
300 ## - DESCRIPCIÓN FÍSICA
Extensión 80 p. :
Otras características físicas il. col. y n. ;
Dimensiones 24 cm.
600 14 - PUNTO DE ACCESO ADICIONAL DE MATERIA--NOMBRE DE PERSONA
Nombre de persona Giordano, Luca (
Fechas asociadas al nombre 1634-1705).
Título de la obra Alegoría del Toisón de oro.
9 (RLIN) 57162
610 2# - PUNTO DE ACCESO ADICIONAL DE MATERIA--NOMBRE DE ENTIDAD CORPORATIVA
Nombre de entidad corporativa o nombre de jurisdicción como elemento de entrada Casón del Buen Retiro.
9 (RLIN) 2490
710 1# - ENTRADA AGREGADA--NOMBRE DE ENTIDAD CORPORATIVA
Nombre de entidad corporativa o nombre de jurisdicción como elemento de entrada España.
Unidad subordinada Subdirección General de Museos.
9 (RLIN) 3997
852 ## - LOCALIZACIÓN
Ubicación ES-MaACL
Número de control de estantería L-21817
Sublocalización o colección R.123384
Holdings
Estatus retirado Estado de pérdida Estado de daño No para préstamo Biblioteca de origen Biblioteca actual Ubicación en estantería Fecha de adquisición Fuente de adquisición Total de préstamos Signatura topográfica completa Código de barras Visto por última vez Precio de reemplazo Tipo de ítem Koha
        Biblioteca del Ateneo de Madrid Biblioteca del Ateneo de Madrid Depósito 2 17/01/2008     L-21817 1014768 23/02/2023 23/02/2023 Libro impreso